00618nam a22001937a 450000500170000000800410001702000180005804000210007604100080009708200160010510000320012124501050015325000120025826000340027030000100030465000540031470000260036870000300039420250910065951.0250910b |||||||| |||| 00| 0 eng d a9788198823854 aIN-DiNCcIN-DiNC dasm a371.26bCHA aChaliha, Beda Kumareauthor aShaikshik parimapan aru mulyayan (Major11)cby Beda Kumar Chaliha, Tarun Saikia and Runu Bora Saikia a1st ed. aJorhat:bBidya bhawan,c2025. a472p. aMeasurement and evaluation in education (Major11) aSaikia, Taruneauthor aSaikia, Runu Boraeauthor